000
00294nam a2200109Ia 4500
008
230907s9999||||xx |||||||||||||| ||und||
082
_a
621.69
_b
BLO
100
_a
Bloch, Heiz
_9
118044
245
_a
Pump user's handbook: life extension /
_c
Heiz Bloch.
260
_c
2019-09-27
942
_2
ddc
_c
EB
999
_c
599663
_d
599663